[Event "Aut_2.Bundesliga_Ost_2004/05"]
[Site "Eichgraben(1+2) Wien(3+4) Wien"]
[Date "2004.11.20"]
[Round "3"]
[Board "1"]
[White "Lau, Ralf"]
[Black "Siebrecht, Sebastian"]
[Result "1/2-1/2"]
[WhiteElo "2481"]
[BlackElo "2366"]
[PlyCount "113"]

1.d4 d6 2.Nc3 g6 3.Bg5 Bg7 4.Qd2 h6 5.Bh4 Nf6 6.O-O-O g5 7.Bg3 Nh5 8.e3 Nxg3
9.hxg3 c6 10.f4 e6 11.Nf3 g4 12.Ne1 b5 13.e4 b4 14.Na4 Qa5 15.b3 Bd7 16.e5 O-O
17.exd6 c5 18.Nxc5 Qxa2 19.c4 Qa1+ 20.Kc2 Qa2+ 21.Kd3 Qa5 22.Ke2 Bc6 23.Nc2 Qd8
24.Qxb4 a5 25.Qd2 Qxd6 26.Kf2 Nd7 27.Nxd7 Qxd7 28.Qe3 Rfe8 29.Be2 f5 30.Rhe1 Qb7
31.Na3 Bxg2 32.Nb5 Rad8 33.c5 Bh3 34.Rg1 Re7 35.Nd6 Qc7 36.Bc4 Rxd6 37.cxd6 Qxd6
38.Rge1 Kh8 39.Bxe6 h5 40.d5 Bf6 41.Rc1 h4 42.Rc6 Qb4 43.Rc4 Qa3 44.Rec1 a4
45.bxa4 hxg3+ 46.Ke2 Bf1+ 47.Rxf1 Qa2+ 48.Kd3 Qb3+ 49.Kd2 Qxc4 50.Rc1 Qb4+
51.Ke2 Qb2+ 52.Qd2 Qb3 53.Qd3 Rb7 54.Rc8+ Kg7 55.Rc7+ Kh6 56.Rxb7 Qxb7 57.Qxg3

[Event "Aut_2.Bundesliga_Ost_2004/05"]
[Site "Eichgraben(1+2) Wien(3+4) Wien"]
[Date "2004.11.20"]
[Round "3"]
[Board "2"]
[White "Loeffler, Stefan"]
[Black "Srienz, Christian"]
[Result "1/2-1/2"]
[WhiteElo "2432"]
[BlackElo "2285"]
[PlyCount "135"]

1.d4 Nf6 2.c4 e6 3.Nf3 c5 4.d5 exd5 5.cxd5 d6 6.Nc3 g6 7.h3 Bg7 8.e4 O-O 9.Bd3
b5 10.Nxb5 Re8 11.O-O Nxe4 12.Re1 a6 13.Qa4 Nd7 14.Na3 Nb6 15.Qa5 f5 16.Ng5 Rb8
17.Bxe4 fxe4 18.Nxe4 Bf5 19.Bg5 Qc7 20.Nf6+ Bxf6 21.Bxf6 Nxd5 22.Qxc7 Nxc7
23.Nc4 d5 24.Nd6 Rxe1+ 25.Rxe1 Rb6 26.Be5 Bd7 27.Rd1 Be6 28.Rc1 c4 29.b3 Nb5
30.bxc4 dxc4 31.Ne4 Na3 32.Nf6+ Kf7 33.Nxh7 Rb1 34.Ng5+ Ke7 35.Rxb1 Nxb1 36.Kf1
c3 37.Nxe6 Kxe6 38.Bf4 c2 39.Ke2 Nc3+ 40.Kd2 Nxa2 41.Kxc2 Nb4+ 42.Kb3 Nd3 43.Be3
Ne1 44.g3 Kd5 45.Ka4 Ke4 46.Ka5 Kf3 47.Kxa6 Nd3 48.h4 Ne5 49.Kb5 Ng4 50.Bd4 Nh6
51.Kc6 Nf5 52.Kd5 Kg4 53.Bc5 g5 54.hxg5 Kxg5 55.Bd6 Kg4 56.Be5 Kf3 57.Ke6 Nh6
58.Bd4 Ng4 59.Kd5 Nh2 60.Ke5 Ng4+ 61.Kf5 Nh2 62.Bb6 Ng4 63.Bc5 Nh2 64.Kg5 Ng4
65.Kh4 Nh2 66.Kh3 Ng4 67.Bd4 Nh6 68.Be3

[Event "Aut_2.Bundesliga_Ost_2004/05"]
[Site "Eichgraben(1+2) Wien(3+4) Wien"]
[Date "2004.11.20"]
[Round "3"]
[Board "3"]
[White "Kleiser, Gregor"]
[Black "Miniboeck, Guenter"]
[Result "1-0"]
[WhiteElo "2262"]
[BlackElo "2345"]
[PlyCount "65"]

1.e4 c5 2.Nf3 d6 3.d4 cxd4 4.Nxd4 Nf6 5.Nc3 a6 6.Bg5 e6 7.Qd2 Be7 8.Be2 h6 9.Be3
Qc7 10.g4 b5 11.f3 Nbd7 12.a3 Bb7 13.O-O-O Ne5 14.h4 O-O-O 15.Ncxb5 axb5 16.Nxb5
Qd7 17.Qa5 Nc6 18.Na7+ Kb8 19.Nxc6+ Bxc6 20.Rd3 Qc7 21.Bb6 Qb7 22.Rb3 Rd7 23.Ba6
Rc8 24.Ba7+ Ka8 25.Bxb7+ Rxb7 26.Rxb7 Kxb7 27.Bd4 Rc7 28.Bb6 Rd7 29.Rh3 d5 30.e5
Ne8 31.f4 Nc7 32.Rc3 Nb5 33.Rb3

[Event "Aut_2.Bundesliga_Ost_2004/05"]
[Site "Eichgraben(1+2) Wien(3+4) Wien"]
[Date "2004.11.20"]
[Round "3"]
[Board "4"]
[White "Sulyok, Michael"]
[Black "Lenz, Alarich"]
[Result "1/2-1/2"]
[WhiteElo "2205"]
[BlackElo "2186"]
[PlyCount "39"]

1.c4 e5 2.Nc3 Nf6 3.Nf3 Nc6 4.a3 d5 5.cxd5 Nxd5 6.Qc2 Nxc3 7.bxc3 Bd6 8.g3 b6
9.Bg2 Bb7 10.O-O O-O 11.d3 Qd7 12.Nd2 Na5 13.Bxb7 Nxb7 14.Nc4 f5 15.a4 Rae8
16.a5 Bc5 17.a6 Nd8 18.Nxe5 Bxf2+ 19.Rxf2 Rxe5 20.Bf4

[Event "Aut_2.Bundesliga_Ost_2004/05"]
[Site "Eichgraben(1+2) Wien(3+4) Wien"]
[Date "2004.11.20"]
[Round "3"]
[Board "5"]
[White "Zsifkovits, Robert"]
[Black "Herndlbauer, Martin"]
[Result "1/2-1/2"]
[WhiteElo "2158"]
[BlackElo "2132"]
[PlyCount "79"]

1.e4 c5 2.Nf3 Nc6 3.Bb5 g6 4.Bxc6 dxc6 5.d3 Bg7 6.h3 e5 7.Be3 Qe7 8.Qd2 Nf6
9.Nc3 Nd7 10.O-O Nf8 11.Bh6 f6 12.Bxg7 Qxg7 13.Ne2 Qe7 14.c3 Ne6 15.d4 cxd4
16.cxd4 exd4 17.Nexd4 O-O 18.Rad1 Bd7 19.Rfe1 Rad8 20.Qe3 Nxd4 21.Rxd4 c5 22.Rd5
b6 23.Red1 Bc6 24.Rxd8 Rxd8 25.Rxd8+ Qxd8 26.Qb3+ Kg7 27.Qe3 Qe7 28.Nd2 Qe5
29.Qa3 a5 30.Qb3 b5 31.Qe3 Qxb2 32.Qxc5 Qxd2 33.Qxc6 Qxa2 34.Qc7+ Kh6 35.Qf4+
Kg7 36.Qc7+ Kg8 37.Qd8+ Kf7 38.Qd7+ Kg8 39.Qd8+ Kg7 40.Qc7+

[Event "Aut_2.Bundesliga_Ost_2004/05"]
[Site "Eichgraben(1+2) Wien(3+4) Wien"]
[Date "2004.11.20"]
[Round "3"]
[Board "6"]
[White "Zojer, Thomas"]
[Black "Petschar, Hans"]
[Result "0-1"]
[WhiteElo "1971"]
[BlackElo "2050"]
[PlyCount "110"]

1.d4 d6 2.c4 g6 3.Nc3 Bg7 4.Nf3 Nf6 5.e4 O-O 6.Be2 Na6 7.O-O e5 8.a3 exd4 9.Nxd4
Nc5 10.f3 a5 11.Rb1 a4 12.b4 axb3 13.Nxb3 Nh5 14.Nd5 c6 15.Nb4 Na4 16.Na2 f5
17.Bd3 f4 18.Bc2 Be5 19.Nd4 Nc5 20.Nc3 Qf6 21.Nce2 Ng7 22.Bb2 g5 23.Bc1 Qg6
24.g4 fxg3 25.hxg3 Nh5 26.Kg2 Rf7 27.Bb2 Qf6 28.Bc1 Rg7 29.Rh1 Qg6 30.Kf2 Bd7
31.Nf5 Bxf5 32.exf5 Qf7 33.Bb2 Re8 34.Bxe5 dxe5 35.Qd6 Qxc4 36.Rbc1 Rd7 37.Qh6
Nf4 38.gxf4 exf4 39.Qxg5+ Rg7 40.Be4 Nxe4+ 41.fxe4 Qxe4 42.Qh5 Qe3+ 43.Kf1 f3
44.Re1 fxe2+ 45.Rxe2 Qc1+ 46.Kf2 Qc5+ 47.Kf1 Rxe2 48.Qxe2 Qxf5+ 49.Ke1 Qb1+
50.Kd2 Qb2+ 51.Kd1 Qxa3 52.Qe8+ Qf8 53.Qe6+ Kh8 54.Qb3 Qd6+ 55.Ke1 Qg3+

[Event "Aut_2.Bundesliga_Ost_2004/05"]
[Site "Eichgraben(1+2) Wien(3+4) Wien"]
[Date "2004.11.21"]
[Round "4"]
[Board "1"]
[White "Schlosser, Michael"]
[Black "Siebrecht, Sebastian"]
[Result "0-1"]
[WhiteElo "2364"]
[BlackElo "2366"]
[PlyCount "76"]

1.e4 c5 2.Nf3 e6 3.d4 cxd4 4.Nxd4 a6 5.Bd3 Qc7 6.O-O Nf6 7.Qe2 d6 8.Kh1 Nbd7
9.f4 Be7 10.b3 b6 11.Bb2 Bb7 12.c4 Nc5 13.Nc3 Nxd3 14.Qxd3 O-O 15.Rae1 Rfe8
16.Rf3 Rad8 17.Rh3 g6 18.f5 Bf8 19.Qg3 Bg7 20.Qh4 Qe7 21.fxe6 fxe6 22.Na4 e5
23.Nf3 b5 24.cxb5 axb5 25.Nc3 Bc8 26.Nd5 Nxd5 27.Qxh7+ Kf7 28.Rf1 Nf4 29.Nxe5+
dxe5 30.Rxf4+ Bf5 31.Rxf5+ gxf5 32.Qh5+ Kg8 33.Qh7+ Kf8 34.Qxf5+ Qf6 35.Ba3+ Kf7
36.Qh5+ Qg6 37.Qf3+ Kg8 38.Rh4 Qf6

[Event "Aut_2.Bundesliga_Ost_2004/05"]
[Site "Eichgraben(1+2) Wien(3+4) Wien"]
[Date "2004.11.21"]
[Round "4"]
[Board "2"]
[White "Loeffler, Stefan"]
[Black "Wirius, Stefan"]
[Result "1-0"]
[WhiteElo "2432"]
[BlackElo "2334"]
[PlyCount "75"]

1.d4 Nf6 2.c4 g6 3.Nc3 Bg7 4.e4 d6 5.Be2 c5 6.dxc5 Qa5 7.Bd2 Qxc5 8.Nf3 O-O
9.Be3 Qa5 10.Nd2 Nbd7 11.O-O a6 12.Rc1 e6 13.f4 Qc7 14.Bf3 Rb8 15.Ba7 Ra8 16.Bf2
Rb8 17.Qe2 b6 18.Bh4 Re8 19.g4 h6 20.Bg3 g5 21.e5 dxe5 22.fxe5 Nh7 23.Nd5 exd5
24.cxd5 Qa7 25.e6 fxe6 26.dxe6 Nc5 27.Bxb8 Qxb8 28.e7 Qe5 29.Qxe5 Bxe5 30.Bd5+
Kh8 31.Rf7 Bf4 32.Bc6 Nd7 33.Rd1 Nhf6 34.Ne4 Nxe4 35.Rxd7 Kg8 36.Rf8+ Rxf8
37.Rd8 Kf7 38.exf8=Q+

[Event "Aut_2.Bundesliga_Ost_2004/05"]
[Site "Eichgraben(1+2) Wien(3+4) Wien"]
[Date "2004.11.21"]
[Round "4"]
[Board "3"]
[White "Hodysh, Yuriy"]
[Black "Miniboeck, Guenter"]
[Result "1/2-1/2"]
[WhiteElo "2166"]
[BlackElo "2345"]
[PlyCount "52"]

1.d4 Nf6 2.c4 e6 3.Nc3 Bb4 4.e3 c5 5.Bd3 Nc6 6.Nf3 Bxc3+ 7.bxc3 d6 8.O-O e5
9.Qc2 O-O 10.dxc5 dxc5 11.Ng5 h6 12.Ne4 b6 13.Rd1 Qe7 14.Nxf6+ Qxf6 15.Be4 Bb7
16.Rd7 Rab8 17.Bd5 Na5 18.e4 Ba6 19.Rxa7 Bxc4 20.Be3 Bxd5 21.exd5 Nc4 22.Rb1 Qd6
23.Rd1 Ra8 24.Rxa8 Rxa8 25.Qb3 Nxe3 26.fxe3 e4

[Event "Aut_2.Bundesliga_Ost_2004/05"]
[Site "Eichgraben(1+2) Wien(3+4) Wien"]
[Date "2004.11.21"]
[Round "4"]
[Board "4"]
[White "Brandner, Stefan"]
[Black "Pachta, Paul"]
[Result "1-0"]
[WhiteElo "2316"]
[BlackElo "2159"]
[PlyCount "75"]

1.d4 Nf6 2.Nc3 d5 3.Bg5 e6 4.e3 Nbd7 5.f4 Be7 6.Nf3 b6 7.Bd3 h6 8.Bh4 a5 9.O-O
Ba6 10.Ne5 O-O 11.Bxa6 Rxa6 12.Nc6 Qe8 13.e4 Bb4 14.e5 Bxc3 15.exf6 Nxf6 16.Ne5
Bxb2 17.Rb1 Bxd4+ 18.Qxd4 Ne4 19.Rb3 c5 20.Qd1 f6 21.Ng4 b5 22.f5 Qd7 23.fxe6
Rxe6 24.Rh3 Rfe8 25.Re1 b4 26.Rhe3 d4 27.Bxf6 Qf7 28.Bxd4 cxd4 29.Qxd4 Ng5
30.Rf1 Qg6 31.Ne5 Qxc2 32.h4 Nh7 33.Qa7 Nf6 34.Qf7+ Kh7 35.Nd7 R8e7 36.Nxf6+
Rxf6 37.Qxe7 Rg6 38.Qe4

[Event "Aut_2.Bundesliga_Ost_2004/05"]
[Site "Eichgraben(1+2) Wien(3+4) Wien"]
[Date "2004.11.21"]
[Round "4"]
[Board "5"]
[White "Vitouch, Anatol"]
[Black "Sulyok, Michael"]
[Result "1/2-1/2"]
[WhiteElo "2185"]
[BlackElo "2205"]
[PlyCount "88"]

1.Nf3 f5 2.c4 Nf6 3.Nc3 g6 4.g3 Bg7 5.Bg2 O-O 6.O-O d6 7.d4 Qe8 8.d5 a5 9.Ne1
Na6 10.Nd3 Bd7 11.h4 Rb8 12.Nf4 Nc5 13.Be3 e5 14.dxe6 Nxe6 15.Nxe6 Bxe6 16.Nd5
Bxd5 17.cxd5 Ng4 18.Bd4 Bxd4 19.Qxd4 Qxe2 20.Rfe1 Qb5 21.Re7 Rf7 22.Rae1 Ne5
23.Rxf7 Kxf7 24.f4 Ng4 25.Bf3 Qc5 26.Qxc5 dxc5 27.Bxg4 fxg4 28.Re5 h5 29.Kf2 Rd8
30.Ke3 Rd6 31.f5 Rf6 32.fxg6+ Kxg6 33.Re7 Rf7 34.Rxf7 Kxf7 35.a4 Ke7 36.Kf4 Kd6
37.Kg5 b5 38.Kxh5 c4 39.Kxg4 bxa4 40.h5 a3 41.bxa3 c3 42.h6 c2 43.h7 c1=Q
44.h8=Q Qc4+

[Event "Aut_2.Bundesliga_Ost_2004/05"]
[Site "Eichgraben(1+2) Wien(3+4) Wien"]
[Date "2004.11.21"]
[Round "4"]
[Board "6"]
[White "Herndlbauer, Martin"]
[Black "Goetz, Alexander"]
[Result "1/2-1/2"]
[WhiteElo "2132"]
[BlackElo "2189"]
[PlyCount "24"]

1.e4 c5 2.Nf3 Nc6 3.c3 Nf6 4.e5 Nd5 5.Bc4 Nb6 6.Bb3 d6 7.exd6 Qxd6 8.d4 cxd4
9.O-O Be6 10.Bxe6 Qxe6 11.Nxd4 Qd7 12.Nxc6 Qxc6

[Event "Aut_2.Bundesliga_Ost_2004/05"]
[Site "Eichgraben(1+2) Wien(3+4) Wien"]
[Date "2004.11.21"]
[Round "4"]
[Board "1"]
[White "Pingitzer, Harald"]
[Black "Lau, Ralf"]
[Result "0-1"]
[WhiteElo "2389"]
[BlackElo "2481"]
[PlyCount "154"]

1.Nf3 g6 2.g3 Bg7 3.d4 c5 4.c3 cxd4 5.cxd4 d5 6.Bg2 Nc6 7.Nc3 e6 8.O-O Nge7
9.Bg5 h6 10.Bxe7 Qxe7 11.e3 Bd7 12.Qe2 O-O 13.Nd2 Na5 14.Rfc1 Rfc8 15.Rc2 Ba4
16.b3 Be8 17.Rac1 Rc6 18.e4 dxe4 19.Bxe4 Rb6 20.Bg2 Qd8 21.d5 exd5 22.Nxd5 Re6
23.Qf1 Bc6 24.Nf4 Re7 25.Bxc6 Nxc6 26.Nf3 Rd7 27.Qc4 Qf6 28.Kg2 Rad8 29.Re2 Kh7
30.Rce1 Qc3 31.Rc1 Qxc4 32.Rxc4 Rd1 33.h4 Kg8 34.Rce4 Kf8 35.Re1 Rxe1 36.Rxe1
Nb4 37.Re4 a5 38.a3 Nc6 39.b4 axb4 40.axb4 b5 41.Re3 Bf6 42.Rb3 Be7 43.Nd3 Rd5
44.Kf1 Ke8 45.Ke2 Kd8 46.Ke3 Rd6 47.Rb2 Re6+ 48.Kd2 Re4 49.Rb1 Bd6 50.Kc3 Rc4+
51.Kb3 Kc7 52.Ka3 Kb6 53.Nfe1 Nd4 54.Rb2 Rc3+ 55.Ka2 Kc6 56.Rd2 Kd5 57.Kb1 Ke4
58.Ka2 h5 59.Rd1 Rc4 60.Nb2 Rc3 61.Ned3 Nc2 62.Kb1 Nxb4 63.Nc1 Be5 64.f4 Bf6
65.Rd7 Rxg3 66.Rxf7 Nd5 67.Nd1 Rg2 68.Nb3 Kxf4 69.Kc1 Kg3 70.Rd7 Nf4 71.Nd2 Kxh4
72.Ne3 Re2 73.Ndf1 b4 74.Rf7 Be5 75.Kd1 Rf2 76.Nd2 Rxd2+ 77.Kxd2 Bd4

[Event "Aut_2.Bundesliga_Ost_2004/05"]
[Site "Eichgraben(1+2) Wien(3+4) Wien"]
[Date "2004.11.21"]
[Round "4"]
[Board "2"]
[White "Srienz, Christian"]
[Black "Sandhu, Mario"]
[Result "1/2-1/2"]
[WhiteElo "2285"]
[BlackElo "2314"]
[PlyCount "82"]

1.c4 Nf6 2.Nc3 c6 3.d4 d5 4.Nf3 e6 5.Bg5 Qa5 6.Bxf6 gxf6 7.e3 Nd7 8.cxd5 cxd5
9.a3 a6 10.Bd3 f5 11.O-O Qd8 12.Rc1 b6 13.Qe2 Bd6 14.Rc2 Bb7 15.Rfc1 O-O 16.Na2
Qe7 17.g3 b5 18.Nb4 Bxb4 19.axb4 Qd6 20.Qf1 Rfc8 21.Qh3 Rxc2 22.Rxc2 Rc8 23.Qh4
Rxc2 24.Bxc2 Nf8 25.Qg5+ Ng6 26.h4 Qe7 27.Qh5 Nf8 28.Ne5 f6 29.Nd3 Nd7 30.Nc5
Nxc5 31.bxc5 a5 32.Qh6 Bc6 33.Qf4 Qd7 34.h5 a4 35.h6 Kf8 36.g4 fxg4 37.Qb8+ Qe8
38.Qc7 Qd7 39.Qb8+ Qe8 40.Qc7 Qd7 41.Qb8+ Qe8

[Event "Aut_2.Bundesliga_Ost_2004/05"]
[Site "Eichgraben(1+2) Wien(3+4) Wien"]
[Date "2004.11.21"]
[Round "4"]
[Board "3"]
[White "Hofbauer, Martin"]
[Black "Kleiser, Gregor"]
[Result "1/2-1/2"]
[WhiteElo "2334"]
[BlackElo "2262"]
[PlyCount "102"]

1.e4 c5 2.Nf3 e6 3.c3 d5 4.exd5 Qxd5 5.d4 Nf6 6.Be3 Be7 7.Bd3 cxd4 8.cxd4 O-O
9.Nc3 Qd6 10.O-O Bd7 11.Qe2 Bc6 12.Rad1 Nbd7 13.Rfe1 Nb6 14.Bb1 Nbd5 15.Ne5 g6
16.Bh6 Rfd8 17.Ne4 Nxe4 18.Bxe4 Bf8 19.Bxf8 Rxf8 20.Qd2 Rad8 21.Qh6 f5 22.Bf3
Ne7 23.Bxc6 Nxc6 24.Nf3 Rd7 25.Qe3 Re7 26.Ne5 Nb4 27.Qa3 a5 28.Qxa5 Nc2 29.Re2
Nxd4 30.Red2 b6 31.Qa6 Qxe5 32.Rxd4 Rb8 33.Qa3 Kf7 34.Qh3 Kg7 35.Qc3 Rbb7 36.f4
Qc5 37.Qe3 e5 38.fxe5 Rxe5 39.Rd7+ Rxd7 40.Rxd7+ Kf6 41.Qxc5 bxc5 42.Rxh7 Re2
43.Rb7 g5 44.h3 c4 45.a4 Rc2 46.a5 c3 47.bxc3 Rxc3 48.a6 Rc2 49.Rb6+ Kf7 50.a7
Ra2 51.Rb7+ Kf6

[Event "Aut_2.Bundesliga_Ost_2004/05"]
[Site "Eichgraben(1+2) Wien(3+4) Wien"]
[Date "2004.11.21"]
[Round "4"]
[Board "4"]
[White "Lenz, Alarich"]
[Black "Hansen, Kay"]
[Result "1/2-1/2"]
[WhiteElo "2186"]
[BlackElo "2208"]
[PlyCount "112"]

1.e4 c6 2.c4 d5 3.exd5 cxd5 4.cxd5 Qxd5 5.Nc3 Qd8 6.d4 e6 7.Nf3 Nf6 8.Bd3 Nbd7
9.O-O Be7 10.Re1 O-O 11.Bc2 Nb6 12.Qd3 Bd7 13.Ne5 Bc6 14.Bg5 g6 15.Bh6 Re8
16.Rad1 Nbd5 17.Qh3 Bf8 18.Bg5 Qc7 19.Bb3 Bg7 20.Qh4 Nxc3 21.bxc3 Nd7 22.Ng4 Bd5
23.Rd3 h5 24.Nh6+ Kf8 25.Bc1 Bf6 26.Qh3 Kg7 27.g4 Bxb3 28.axb3 Qa5 29.gxh5 Bg5
30.Ng4 Bxc1 31.h6+ Kh7 32.Rxc1 Qg5 33.f4 Qf5 34.Rf1 Red8 35.Re3 Nf6 36.Ne5 Qxh3
37.Rxh3 Rf8 38.c4 Rad8 39.Rd1 Nh5 40.Rf3 Kxh6 41.Kf2 Kg7 42.Ke3 Rd6 43.Ra1 a6
44.Ra5 f6 45.c5 Rd5 46.Nc4 Rfd8 47.c6 bxc6 48.Rxa6 Rxd4 49.Rxc6 Rd3+ 50.Ke2 Rxf3
51.Kxf3 Rd3+ 52.Ne3 Rxb3 53.Rxe6 Kf7 54.Ra6 f5 55.Ra7+ Kf6 56.Ra6+ Kf7

[Event "Aut_2.Bundesliga_Ost_2004/05"]
[Site "Eichgraben(1+2) Wien(3+4) Wien"]
[Date "2004.11.21"]
[Round "4"]
[Board "5"]
[White "Schwab, Rene"]
[Black "Zsifkovits, Robert"]
[Result "1-0"]
[WhiteElo "2268"]
[BlackElo "2158"]
[PlyCount "107"]

1.e4 e5 2.Nf3 Nf6 3.Nc3 Nc6 4.Bb5 Bc5 5.O-O O-O 6.h3 d6 7.a3 Nd4 8.Bd3 a6 9.Nxd4
Bxd4 10.Ne2 Ba7 11.Kh2 d5 12.exd5 Qxd5 13.Ng3 e4 14.Be2 Bd7 15.d3 Rae8 16.Bf4
Qc6 17.c4 exd3 18.Qxd3 Bc8 19.Bf3 Qb6 20.Rad1 Bb8 21.b4 Qe6 22.c5 h6 23.Ne2 Ne4
24.Kg1 Qg6 25.Bh2 Bf5 26.Nf4 Qg5 27.Qc4 c6 28.Qc1 Qf6 29.Nh5 Bxh2+ 30.Kxh2 Qg6
31.Ng3 Nxg3 32.fxg3 Re7 33.Rd6 Qh7 34.Qf4 Rfe8 35.Bxc6 bxc6 36.Qxf5 Qxf5 37.Rxf5
Re6 38.Rd7 R6e7 39.Rd3 Re2 40.g4 Ra2 41.Rff3 Ree2 42.Rd8+ Kh7 43.Rg3 Kg6 44.h4
Re4 45.Rc8 f6 46.Rxc6 h5 47.gxh5+ Kxh5 48.Rxa6 Ra1 49.Ra8 g5 50.hxg5 fxg5
51.Rh8+ Kg6 52.Rg8+ Kf6 53.Rf3+ Ke6 54.Re8+

[Event "Aut_2.Bundesliga_Ost_2004/05"]
[Site "Eichgraben(1+2) Wien(3+4) Wien"]
[Date "2004.11.21"]
[Round "4"]
[Board "1"]
[White "Likavsky, Tomas"]
[Black "Sommerbauer, Norbert"]
[Result "1-0"]
[WhiteElo "2449"]
[BlackElo "2419"]
[PlyCount "60"]

1.d4 Nf6 2.c4 c5 3.d5 e5 4.Nc3 d6 5.e4 Be7 6.Nf3 O-O 7.Be2 Ne8 8.h4 f5 9.exf5
Bxf5 10.Be3 Na6 11.Bd3 Qd7 12.Ng5 Bxg5 13.hxg5 Nec7 14.a3 Rab8 15.Rxh7 e4
16.Bxe4 Bxh7 17.g6 Ne8 18.g4 Nac7 19.Kd2 Nf6 20.Bf5 Qe8 21.Qc2 b5 22.b3 Qe5
23.Rh1 b4 24.axb4 cxb4 25.Ne2 Ncxd5 26.Bd4 Qe7 27.cxd5 Bxg6 28.Bxg6 Nxg4 29.Bh7+
Kh8 30.Bf5+ Kg8

[Event "Aut_2.Bundesliga_Ost_2004/05"]
[Site "Eichgraben(1+2) Wien(3+4) Wien"]
[Date "2004.11.21"]
[Round "4"]
[Board "2"]
[White "Schweda, Roland"]
[Black "Manik, Mikulas"]
[Result "1/2-1/2"]
[WhiteElo "2410"]
[BlackElo "2510"]
[PlyCount "33"]

1.d4 Nf6 2.c4 g6 3.Nc3 Bg7 4.e4 d6 5.Nf3 O-O 6.Be2 Na6 7.Nd2 c5 8.d5 e6 9.O-O
exd5 10.cxd5 Re8 11.Re1 Nc7 12.a4 Rb8 13.Rb1 b6 14.Bf1 Ng4 15.h3 Nxf2 16.Kxf2
Bd4+ 17.Kg3

[Event "Aut_2.Bundesliga_Ost_2004/05"]
[Site "Eichgraben(1+2) Wien(3+4) Wien"]
[Date "2004.11.21"]
[Round "4"]
[Board "3"]
[White "Plank, Franz"]
[Black "Kummer, Helmut"]
[Result "1/2-1/2"]
[WhiteElo "2305"]
[BlackElo "2350"]
[PlyCount "26"]

1.d4 f5 2.Bg5 Nf6 3.e3 e6 4.Nd2 Be7 5.Bd3 d5 6.c4 O-O 7.Ngf3 c6 8.a3 Bd7 9.Qb3
Qb6 10.Qc2 Qd8 11.Qb3 Qb6 12.Qc2 Qd8 13.Qb3 Qb6

[Event "Aut_2.Bundesliga_Ost_2004/05"]
[Site "Eichgraben(1+2) Wien(3+4) Wien"]
[Date "2004.11.21"]
[Round "4"]
[Board "5"]
[White "Allacher, Erwin"]
[Black "Kremsner, Andreas"]
[Result "0-1"]
[WhiteElo "2147"]
[BlackElo "2207"]
[PlyCount "70"]

1.d4 Nf6 2.c4 g6 3.Nc3 Bg7 4.e4 d6 5.Be2 O-O 6.Bg5 Nbd7 7.h4 e5 8.d5 a5 9.h5 Nc5
10.hxg6 fxg6 11.f3 Qe8 12.Qd2 Qf7 13.Be3 Nh5 14.Nh3 Nf4 15.Ng5 Qe7 16.Nxh7 Rf7
17.g3 Bh8 18.gxf4 exf4 19.Bd4 Rxh7 20.Rxh7 Qxh7 21.O-O-O Bxd4 22.Qxd4 Qg7 23.Qd2
Qe5 24.Rg1 Kg7 25.Bf1 Bd7 26.Ne2 Rf8 27.Nd4 Rh8 28.Ne2 Rh4 29.Qxa5 Nd3+ 30.Kd2
b6 31.Qc3 Nxb2 32.Nd4 Rh2+ 33.Be2 Na4 34.Nf5+ Kf6 35.Qxe5+ dxe5

[Event "Aut_2.Bundesliga_Ost_2004/05"]
[Site "Eichgraben(1+2) Wien(3+4) Wien"]
[Date "2004.11.21"]
[Round "4"]
[Board "1"]
[White "Varga, Zoltan"]
[Black "Volkmann, Friedrich Karl"]
[Result "1/2-1/2"]
[WhiteElo "2538"]
[BlackElo "2454"]
[PlyCount "77"]

1.e4 e5 2.Nf3 Nf6 3.Nc3 Nc6 4.Bb5 Nd4 5.Bd3 Nxf3+ 6.Qxf3 d6 7.Bc4 Be7 8.d3 O-O
9.h3 c6 10.g4 b5 11.Bb3 Nd7 12.Be3 Nc5 13.Bxc5 dxc5 14.a4 c4 15.dxc4 b4 16.Ne2
g6 17.Nc1 c5 18.Nd3 Bb7 19.O-O-O Qc7 20.Rhe1 Rad8 21.Qg3 Rfe8 22.g5 Rd4 23.f3
Bf8 24.Nf2 h5 25.gxh6 Bxh6+ 26.Kb1 Kg7 27.Rxd4 cxd4 28.Nd3 Ba6 29.Qh2 Bxc4
30.Bxc4 Qxc4 31.Nxe5 Qc7 32.Ng4 Qxh2 33.Nxh2 Bf4 34.Rh1 f5 35.Ka2 d3 36.cxd3 Rd8
37.Kb3 Rxd3+ 38.Kxb4 Rd2 39.Nf1

[Event "Aut_2.Bundesliga_Ost_2004/05"]
[Site "Eichgraben(1+2) Wien(3+4) Wien"]
[Date "2004.11.21"]
[Round "4"]
[Board "2"]
[White "Schroll, Gerhard"]
[Black "Hagara, Eduard"]
[Result "1/2-1/2"]
[WhiteElo "2364"]
[BlackElo "2398"]
[PlyCount "84"]

1.d4 Nf6 2.c4 g6 3.Nc3 d5 4.Nf3 Bg7 5.cxd5 Nxd5 6.e3 O-O 7.Bc4 Nxc3 8.bxc3 c5
9.O-O Nc6 10.Ba3 cxd4 11.cxd4 a6 12.Rc1 b5 13.Be2 Bb7 14.d5 Na5 15.d6 exd6
16.Bxd6 Re8 17.Bc7 Qxd1 18.Rfxd1 Nc6 19.Bb6 Rac8 20.Bc5 Red8 21.h4 Bb2 22.Rb1
Bf6 23.a4 Rxd1+ 24.Bxd1 Nd8 25.Bd4 Be4 26.Ra1 Bxd4 27.Nxd4 b4 28.a5 Rc3 29.f3
Bd3 30.Kf2 Ne6 31.Nxe6 fxe6 32.Ra4 Bc2 33.Bxc2 Rxc2+ 34.Kg3 Rc4 35.e4 Kf7 36.Kf4
Kf6 37.Ra1 Rc5 38.Rb1 Rb5 39.Ke3 g5 40.hxg5+ Kxg5 41.g3 h5 42.Kd4 h4

[Event "Aut_2.Bundesliga_Ost_2004/05"]
[Site "Eichgraben(1+2) Wien(3+4) Wien"]
[Date "2004.11.21"]
[Round "4"]
[Board "3"]
[White "Stranz, Richard"]
[Black "Wiedner, Robert"]
[Result "1-0"]
[WhiteElo "2272"]
[BlackElo "2216"]
[PlyCount "51"]

1.e4 g6 2.d4 Bg7 3.Nc3 c6 4.Nf3 d5 5.h3 Nf6 6.e5 Ng8 7.Bf4 Nd7 8.Qd2 Nf8 9.O-O-O
b5 10.Ne1 Ne6 11.Be3 h5 12.Be2 a5 13.Nd3 Ba6 14.g4 hxg4 15.hxg4 Rxh1 16.Rxh1 b4
17.Na4 Bb5 18.Ndc5 Bxa4 19.Nxa4 Rb8 20.f4 Nf8 21.f5 Qd7 22.Bd3 Qa7 23.Qf2 Rc8
24.Nc5 gxf5 25.gxf5 a4 26.Qg3

[Event "Aut_2.Bundesliga_Ost_2004/05"]
[Site "Eichgraben(1+2) Wien(3+4) Wien"]
[Date "2004.11.21"]
[Round "4"]
[Board "4"]
[White "Posch, Werner"]
[Black "Krpelan, Wolfgang"]
[Result "1-0"]
[WhiteElo "2170"]
[BlackElo "2246"]
[PlyCount "81"]

1.e4 Nf6 2.e5 Nd5 3.c4 Nb6 4.c5 Nd5 5.Bc4 e6 6.Nc3 Nxc3 7.dxc3 Bxc5 8.Qg4 Kf8
9.Bg5 Be7 10.h4 d5 11.Bd3 h6 12.Bf4 h5 13.Qg3 b6 14.Nf3 Ba6 15.Bc2 c5 16.O-O-O
Nc6 17.Rhe1 Qe8 18.Ng5 Nd8 19.Nh7+ Rxh7 20.Bxh7 Qa4 21.a3 g6 22.Bh6+ Ke8 23.Bg5
Bxg5+ 24.Qxg5 Qg4 25.Qxg4 hxg4 26.h5 Kf8 27.hxg6 Kg7 28.gxf7 Nxf7 29.Bc2 Rh8
30.f4 Rh2 31.f5 Bc8 32.Re2 Kf8 33.Rf1 Ba6 34.fxe6 Bxe2 35.Rxf7+ Kg8 36.Rxa7 Rxg2
37.Bh7+ Kh8 38.e7 Bb5 39.Bf5 d4 40.cxd4 cxd4 41.Bd7

[Event "Aut_2.Bundesliga_Ost_2004/05"]
[Site "Eichgraben(1+2) Wien(3+4) Wien"]
[Date "2004.11.21"]
[Round "4"]
[Board "5"]
[White "Ranits, Franz"]
[Black "Todor, Razvan"]
[Result "1/2-1/2"]
[WhiteElo "2272"]
[BlackElo "2158"]
[PlyCount "115"]

1.e4 d5 2.exd5 Qxd5 3.Nc3 Qa5 4.d4 Nf6 5.Bc4 c6 6.Nf3 Bf5 7.Bd2 e6 8.Qe2 Bb4
9.O-O-O Nbd7 10.Ne5 Nxe5 11.dxe5 Nd5 12.Ne4 Bxe4 13.Qxe4 Bxd2+ 14.Rxd2 O-O-O
15.Rhd1 h5 16.Bb3 Ne7 17.g3 Rxd2 18.Rxd2 Rd8 19.c3 Rxd2 20.Kxd2 Nf5 21.h3 Qc5
22.Qf4 g5 23.Qf3 Qxe5 24.Qxh5 Nd6 25.Qf3 Ne4+ 26.Kc1 Nf6 27.Bd1 Kd7 28.h4 Ke7
29.Be2 gxh4 30.gxh4 Qe4 31.Qxe4 Nxe4 32.f3 Ng3 33.Bd3 Kf6 34.Kd2 Ke5 35.Ke3 Nh5
36.Bf1 Nf4 37.Kf2 Kf5 38.Bc4 Nh5 39.Ke3 Ke5 40.a3 f5 41.Bd3 Nf4 42.Bf1 Nd5+
43.Kf2 Kf4 44.Bc4 e5 45.Bxd5 cxd5 46.a4 e4 47.fxe4 dxe4 48.a5 Kg4 49.c4 f4 50.h5
e3+ 51.Ke2 Kxh5 52.c5 a6 53.Kf3 Kg5 54.b4 Kf5 55.b5 Ke6 56.c6 Kd6 57.cxb7 Kc7
58.bxa6

[Event "Aut_2.Bundesliga_Ost_2004/05"]
[Site "Eichgraben(1+2) Wien(3+4) Wien"]
[Date "2004.11.21"]
[Round "4"]
[Board "6"]
[White "Mueller, Roland"]
[Black "Galavics, Hermann"]
[Result "1-0"]
[WhiteElo "2096"]
[BlackElo "2098"]
[PlyCount "51"]

1.e4 e6 2.d4 d5 3.Nc3 dxe4 4.Nxe4 Nd7 5.Nf3 Ngf6 6.Bd3 c5 7.O-O Nxe4 8.Bxe4 Nf6
9.Bg5 Qc7 10.Bxf6 gxf6 11.Re1 Bd7 12.c3 O-O-O 13.b4 Bc6 14.Bxc6 Qxc6 15.bxc5
Bxc5 16.Nd2 Rhg8 17.g3 Bd6 18.Ne4 Be7 19.Qh5 Rdf8 20.c4 Kb8 21.d5 Qxc4 22.d6 Bd8
23.Rac1 Qxa2 24.Nc5 a6 25.Nd7+ Ka7 26.Qc5+

[Event "Aut_2.Bundesliga_Ost_2004/05"]
[Site "Eichgraben(1+2) Wien(3+4) Wien"]
[Date "2004.11.21"]
[Round "4"]
[Board "1"]
[White "Markos, Jan"]
[Black "Polak, Thomas"]
[Result "1/2-1/2"]
[WhiteElo "2454"]
[BlackElo "2466"]
[PlyCount "137"]

1.d4 Nf6 2.c4 e6 3.Nf3 b6 4.a3 Bb7 5.Nc3 g6 6.d5 Bg7 7.e4 O-O 8.Be2 d6 9.O-O Qe7
10.Bg5 h6 11.Bh4 g5 12.Bg3 Nh5 13.Qd2 Nd7 14.Rae1 a6 15.Bd1 Nxg3 16.hxg3 c5
17.e5 Nxe5 18.Bc2 f5 19.Nxe5 Bxe5 20.Na4 b5 21.Nxc5 exd5 22.Nxb7 Qxb7 23.c5 Kh8
24.cxd6 Rae8 25.Bb3 Bxd6 26.Bxd5 Qg7 27.Rxe8 Rxe8 28.Bc6 Re6 29.Bd5 Re7 30.Qc2
Qe5 31.Qc8+ Re8 32.Qc6 Re7 33.Rd1 Kg7 34.b4 g4 35.Qxa6 f4 36.Qc8 fxg3 37.Qxg4+
Qg5 38.Be6 Qxg4 39.Bxg4 Bf4 40.Bd7 Re2 41.fxg3 Bxg3 42.Bxb5 Ra2 43.a4 Rb2 44.a5
Rxb4 45.Bc6 Rb2 46.Bd5 Rb5 47.a6 Ra5 48.Bc4 Ra4 49.Rd7+ Kf6 50.Rf7+ Kg6 51.Rf3
Ra1+ 52.Bf1 Be5 53.Kf2 Bd4+ 54.Kg3 Be5+ 55.Kh3 h5 56.Bd3+ Kh6 57.g3 Ra3 58.Re3
Bf6 59.Re6 Rxd3 60.Rxf6+ Kg5 61.Rb6 Ra3 62.Kg2 Kg4 63.Kf2 Kf5 64.Rh6 Kg5 65.Rd6
Kg4 66.Rb6 Ra2+ 67.Ke3 Kxg3 68.Rg6+ Kh3 69.Kd4